000 00317nam a2200109Ia 4500
008 171211s9999 xx 000 0 und d
245 _aChinnovation: How Chinese Innovators are Changing the World
245 _cYing Tan
260 _c2011
650 _xBUSINESS
856 _uhttp://down.ebook777.com/063/0470827963.pdf
999 _c349450
_d349450